Response strategies of the internally displaced: Changing the humanitarian lens: Seminar proceedings
Gardado en:
| Autor Principal: | |
|---|---|
| Formato: | Libro |
| Idioma: | Undetermined |
| Publicado: |
Osla, Norway
Norwegian Refugee Council
2001
|
| Những chủ đề: | |
| Các nhãn: |
Engadir etiqueta
Sen Etiquetas, Sexa o primeiro en etiquetar este rexistro!
|
| Thư viện lưu trữ: | Trung tâm Học liệu Trường Đại học Cần Thơ |
|---|
| LEADER | 00593nam a2200181Ia 4500 | ||
|---|---|---|---|
| 001 | CTU_58548 | ||
| 008 | 210402s9999 xx 000 0 und d | ||
| 082 | |a 361.2 | ||
| 082 | |b R434 | ||
| 100 | |a Steinar Soprlie ... [et al.] | ||
| 245 | 0 | |a Response strategies of the internally displaced: Changing the humanitarian lens: Seminar proceedings | |
| 245 | 0 | |c Steinar Soprlie ... [et al.] | |
| 260 | |a Osla, Norway | ||
| 260 | |b Norwegian Refugee Council | ||
| 260 | |c 2001 | ||
| 650 | |a social problems,social action | ||
| 904 | |i Minh | ||
| 980 | |a Trung tâm Học liệu Trường Đại học Cần Thơ | ||